000 00342nam a22001217a 4500
020 _a98340966
082 _222
_a294.382322
100 _aKumarasiri, G,K Ananda.
245 _aAngulimala :
_btransforming life /
260 _aSri Langka,
_bHuman Development and Peace Foundation,
_cNA
300 _aiv, 81p. ;
_bill. ;
_c23 cm.
942 _2ddc
_cRE
_01
999 _c2792
_d2792